[Event "Sachsen-ch U18"]
[Site "Sebnitz"]
[Date "2009.04.16"]
[Round "4"]
[White "Lieber, Paul"]
[Black "Lehr, Albert"]
[Result "0-1"]
[WhiteElo "1697"]
[BlackElo "1697"]
[PlyCount "136"]
[EventDate "2009.04.14"]
[EventType "swiss"]
[EventRounds "7"]
[EventCountry "GER"]
[SourceTitle "EXT 2010"]
[Source "ChessBase"]
[SourceDate "2010.11.25"]
[SourceVersion "1"]
[SourceVersionDate "2010.11.25"]
[SourceQuality "1"]

1. e4 c5 2. Nf3 d6 3. d4 cxd4 4. Nxd4 Nf6 5. Nc3 a6 6. Be2 e5 7. Nb3 Be6 8. Be3 Be7 9. 0-0 Nbd7 10. f3 0-0 11. a4 Nb6 12. Bf2 d5 13. a5 d4 14. axb6 dxc3 15. bxc3 Nd7 16. Na5 Qc8 17. c4 Rd8 18. Qb1 Nb8 19. Qb2 f6 20. Qc3 Nc6 21. c5 Nxa5 22. Qxa5 Qc6 23. Rfd1 Rxd1+ 24. Rxd1 Rc8 25. c4 Bxc5 26. Bxc5 Qxc5+ 27. Qxc5 Rxc5 28. Rd8+ Kf7 29. Rb8 Bc8 30. Kf2 Ke7 31. Ke3 Kd6 32. f4 Rc6 33. fxe5+ Kxe5 34. h3 g6 35. Bg4 Bxg4 36. hxg4 Rxb6 37. Re8+ Re6 38. Rd8 Re7 39. Rd5+ Ke6 40. Kd4 Rd7 41. Kc5 Rc7+ 42. Kd4 b6 43. Ke3 Rxc4 44. Rd8 Rc5 45. Rb8 Rb5 46. Rh8 h5 47. gxh5 gxh5 48. Re8+ Kf7 49. Ra8 a5 50. Ra7+ Ke6 51. Ra8 f5 52. exf5+ Kxf5 53. Rh8 Kg6 54. Rg8+ Kf7 55. Rc8 h4 56. Rh8 Rb4 57. Kd3 Ke6 58. Kc3 Kd5 59. Rh5+ Kc6 60. Rg5 Rf4 61. Kb3 h3 62. gxh3 Rf3+ 63. Ka4 Rxh3 64. Rg6+ Kb7 65. Kb5 Rh5+ 66. Ka4 Ka6 67. Rf6 Rh4+ 68. Kb3 Rh5 0-1

[Event "Sachsen-ch U18"]
[Site "Sebnitz"]
[Date "2009.04.15"]
[Round "2"]
[White "Lieber, Paul"]
[Black "Reinsdorf, Christoph"]
[Result "1/2-1/2"]
[WhiteElo "1697"]
[BlackElo "1628"]
[PlyCount "52"]
[EventDate "2009.04.14"]
[EventType "swiss"]
[EventRounds "7"]
[EventCountry "GER"]
[SourceTitle "EXT 2010"]
[Source "ChessBase"]
[SourceDate "2010.11.25"]
[SourceVersion "1"]
[SourceVersionDate "2010.11.25"]
[SourceQuality "1"]

1. e4 c5 2. Nf3 Nc6 3. d4 cxd4 4. Nxd4 Nf6 5. Nc3 e6 6. a3 a6 7. Be2 h6 8. 0-0 Qc7 9. Be3 b5 10. f4 Bc5 11. Bf3 Qb6 12. Nce2 Bb7 13. Bf2 Nxd4 14. Nxd4 Bxe4 15. c3 Qc7 16. Bxe4 Nxe4 17. Qf3 d5 18. Qg4 Nxf2 19. Rxf2 Rg8 20. Re1 0-0-0 21. Qd1 g5 22. a4 gxf4 23. axb5 axb5 24. Qd3 Qb6 25. b4 Bxd4 26. cxd4 Rd7 1/2-1/2

[Event "Sachsen-ch U18"]
[Site "Sebnitz"]
[Date "2009.04.15"]
[Round "3"]
[White "Tietz, Eric"]
[Black "Lieber, Paul"]
[Result "1-0"]
[WhiteElo "1681"]
[BlackElo "1697"]
[PlyCount "113"]
[EventDate "2009.04.14"]
[EventType "swiss"]
[EventRounds "7"]
[EventCountry "GER"]
[SourceTitle "EXT 2010"]
[Source "ChessBase"]
[SourceDate "2010.11.25"]
[SourceVersion "1"]
[SourceVersionDate "2010.11.25"]
[SourceQuality "1"]

1. e4 c5 2. c3 d5 3. exd5 Qxd5 4. d4 cxd4 5. cxd4 Nc6 6. Nf3 Bg4 7. Be2 e6 8. h3 Bh5 9. Nc3 Qd8 10. d5 exd5 11. Nxd5 Bd6 12. 0-0 Nge7 13. Bg5 0-0 14. Qb3 Na5 15. Qb5 a6 16. Nxe7+ Bxe7 17. Bxe7 Qxe7 18. Qxa5 Qxe2 19. Qxh5 Qxb2 20. Qe5 Qxe5 21. Nxe5 Rfe8 22. Rfe1 b5 23. a4 bxa4 24. Rxa4 Re6 25. Nf3 Rae8 26. Rea1 Ra8 27. Nd4 Rd6 28. Nc2 h6 29. Nb4 a5 30. Rxa5 Rxa5 31. Rxa5 Rd1+ 32. Kh2 Rd2 33. Ra2 Rd4 34. Nc6 Rd7 35. g3 Rc7 36. Ne5 Re7 37. Ng4 h5 38. Ne3 g6 39. Kg2 Kg7 40. Ra6 Rd7 41. g4 hxg4 42. hxg4 f6 43. Kg3 Kf7 44. Kf3 Kg7 45. Ke4 Re7+ 46. Kd4 Rd7+ 47. Nd5 Rf7 48. f4 f5 49. g5 Rd7 50. Rc6 Rd8 51. Rc7+ Kf8 52. Ke5 Re8+ 53. Kf6 Rd8 54. Rf7+ Kg8 55. Ne7+ Kh8 56. Nxg6+ Kg8 57. Rg7# 1-0

[Event "Leipzig VfB op 16th"]
[Site "Leipzig"]
[Date "2009.04.04"]
[Round "7"]
[White "Lieber, Paul"]
[Black "Pohl, Gunnar"]
[Result "1-0"]
[WhiteElo "1697"]
[BlackElo "1926"]
[PlyCount "37"]
[EventDate "2009.03.31"]
[EventType "swiss"]
[EventRounds "9"]
[EventCountry "GER"]
[SourceTitle "EXT 2010"]
[Source "ChessBase"]
[SourceDate "2010.11.25"]
[SourceVersion "1"]
[SourceVersionDate "2010.11.25"]
[SourceQuality "1"]

1. e4 e5 2. Nc3 Nf6 3. f4 d5 4. fxe5 Nxe4 5. d3 Qh4+ 6. g3 Nxg3 7. Nf3 Qh5 8. Nxd5 Bg4 9. Bg2 Bxf3 10. Qxf3 Qxe5+ 11. Kd1 Nxh1 12. Bf4 Qxb2 13. Qe4+ Kd8 14. Bxc7+ Kd7 15. Qf5+ Kc6 16. Be5 Nf2+ 17. Kd2 Qa3 18. Qc8+ Kb5 19. Qc4+ 1-0

[Event "Leipzig VfB op 16th"]
[Site "Leipzig"]
[Date "2009.04.04"]
[Round "8"]
[White "Onhor, Bold"]
[Black "Lieber, Paul"]
[Result "0-1"]
[WhiteElo "1980"]
[BlackElo "1697"]
[PlyCount "78"]
[EventDate "2009.03.31"]
[EventType "swiss"]
[EventRounds "9"]
[EventCountry "GER"]
[SourceTitle "EXT 2010"]
[Source "ChessBase"]
[SourceDate "2010.11.25"]
[SourceVersion "1"]
[SourceVersionDate "2010.11.25"]
[SourceQuality "1"]

1. Nf3 d5 2. d4 Nf6 3. c4 e6 4. Nc3 Nbd7 5. e3 c6 6. Bd3 Bd6 7. 0-0 0-0 8. Re1 Re8 9. e4 dxe4 10. Nxe4 Nxe4 11. Bxe4 Nf6 12. Bg5 Be7 13. Bc2 b6 14. Qd3 g6 15. Rad1 Bb7 16. Bb3 Qc7 17. Bh4 Rad8 18. Bg3 Qc8 19. Qc2 Nh5 20. Be5 f6 21. Bg3 Nxg3 22. hxg3 Kg7 23. Rd3 Rd6 24. Rde3 c5 25. dxc5 bxc5 26. Nd2 f5 27. Nf3 Bxf3 28. gxf3 Bf6 29. f4 Red8 30. R3e2 Qc6 31. Ba4 Qb6 32. Bb3 Kf7 33. Qc1 Qb4 34. Kf1 Qb7 35. Kg1 Qb4 36. Rd1 Rxd1+ 37. Bxd1 Rd4 38. Rc2 Qe1+ 39. Kg2 Rxd1 0-1

[Event "Leipzig VfB op 16th"]
[Site "Leipzig"]
[Date "2009.04.01"]
[Round "3"]
[White "Lieber, Paul"]
[Black "Werner, Hubert"]
[Result "1-0"]
[WhiteElo "1697"]
[BlackElo "1950"]
[PlyCount "83"]
[EventDate "2009.03.31"]
[EventType "swiss"]
[EventRounds "9"]
[EventCountry "GER"]
[SourceTitle "EXT 2010"]
[Source "ChessBase"]
[SourceDate "2010.11.25"]
[SourceVersion "1"]
[SourceVersionDate "2010.11.25"]
[SourceQuality "1"]

1. e4 c5 2. Nf3 Nc6 3. d4 cxd4 4. Nxd4 Nf6 5. Nc3 e6 6. Ndb5 d6 7. Bf4 e5 8. Bg5 a6 9. Na3 Be6 10. Nd5 Bxd5 11. exd5 Qa5+ 12. c3 Qxd5 13. Bxf6 Qxd1+ 14. Rxd1 gxf6 15. Nc4 Rd8 16. Nb6 f5 17. Bd3 e4 18. Bc2 Bg7 19. 0-0 0-0 20. f3 Bh6 21. Nd5 e3 22. Rfe1 f4 23. g3 Ne5 24. Kg2 Kh8 25. Nxf4 Bxf4 26. gxf4 Rg8+ 27. Kh1 Ng6 28. Bxg6 Rxg6 29. Rxe3 Rf6 30. Re4 Rc8 31. Red4 Rc6 32. R1d2 Kg7 33. Rg2+ Kf8 34. Kg1 h6 35. Kf2 Rf5 36. Ke3 Ke7 37. Ke4 Ke6 38. Rgd2 Rh5 39. f5+ Rxf5 40. Rxd6+ Rxd6 41. Rxd6+ Kxd6 42. Kxf5 1-0

[Event "GER-ch U25"]
[Site "Willingen"]
[Date "2007.05.31"]
[Round "8"]
[White "Helmich, Florian"]
[Black "Lieber, Paul"]
[Result "0-1"]
[WhiteElo "953"]
[BlackElo "1420"]
[PlyCount "29"]
[EventDate "2007.05.26"]
[EventType "swiss"]
[EventRounds "9"]
[EventCountry "GER"]
[SourceTitle "CBM 118 Extra"]
[Source "ChessBase"]
[SourceDate "2007.07.04"]
[SourceVersion "1"]
[SourceVersionDate "2007.07.04"]
[SourceQuality "1"]

1. d4 d5 2. Nf3 Nf6 3. c4 e6 4. Bg5 Nbd7 5. e3 Bb4+ 6. Nc3 0-0 7. Bd3 c6 8. Qc2 Qc7 9. 0-0 dxc4 10. Bxc4 h6 11. Bh4 Bd6 12. Bg3 Bxg3 13. fxg3 e5 14. dxe5 Nxe5 15. Qe4 0-1

[Event "GER-ch U25"]
[Site "Willingen"]
[Date "2007.05.30"]
[Round "7"]
[White "Lieber, Paul"]
[Black "Hohlstein, Felix"]
[Result "0-1"]
[WhiteElo "1420"]
[BlackElo "1509"]
[PlyCount "50"]
[EventDate "2007.05.26"]
[EventType "swiss"]
[EventRounds "9"]
[EventCountry "GER"]
[SourceTitle "CBM 118 Extra"]
[Source "ChessBase"]
[SourceDate "2007.07.04"]
[SourceVersion "1"]
[SourceVersionDate "2007.07.04"]
[SourceQuality "1"]

1. e4 d5 2. exd5 Qxd5 3. Nc3 Qa5 4. d4 c6 5. Nf3 Nf6 6. Bc4 Bf5 7. Bd2 e6 8. Qe2 Bb4 9. a3 Bxc3 10. Bxc3 Qc7 11. 0-0-0 0-0 12. Ne5 Nbd7 13. h3 b5 14. Ba2 Be4 15. f3 Bd5 16. Bxd5 Nxd5 17. Bd2 Rfc8 18. g4 a5 19. b4 axb4 20. Bxb4 c5 21. Be1 cxd4 22. Nxd7 Nf4 23. Qd2 d3 24. c3 Rxa3 25. Kb2 Qa5 0-1

[Event "GER-ch U25"]
[Site "Willingen"]
[Date "2007.05.29"]
[Round "6"]
[White "Pfleger, Jochen"]
[Black "Lieber, Paul"]
[Result "1-0"]
[WhiteElo "1918"]
[BlackElo "1420"]
[PlyCount "79"]
[EventDate "2007.05.26"]
[EventType "swiss"]
[EventRounds "9"]
[EventCountry "GER"]
[SourceTitle "CBM 118 Extra"]
[Source "ChessBase"]
[SourceDate "2007.07.04"]
[SourceVersion "1"]
[SourceVersionDate "2007.07.04"]
[SourceQuality "1"]

1. c4 Nf6 2. Nf3 d5 3. Nc3 Nc6 4. cxd5 Nxd5 5. g3 e5 6. Bg2 Be6 7. 0-0 Be7 8. b3 0-0 9. Bb2 f6 10. Rc1 Nb6 11. e3 Qd7 12. Ne4 Rad8 13. d4 exd4 14. Nxd4 Nxd4 15. Bxd4 Qc8 16. Qc2 Ba3 17. Bb2 Bxb2 18. Qxb2 c6 19. Nc5 Rfe8 20. Nxe6 Rxe6 21. Bh3 Nd5 22. Bxe6+ Qxe6 23. Rfd1 Kf7 24. Qd4 Ra8 25. e4 Nb6 26. Rc3 Re8 27. Re3 Re7 28. Qc5 Re8 29. Rd6 Qe7 30. Qd4 Nd5 31. Rxd5 cxd5 32. Qxd5+ Kf8 33. e5 Qf7 34. Qd6+ Qe7 35. Qxe7+ Rxe7 36. exf6 Rxe3 37. fxg7+ Kxg7 38. fxe3 Kf6 39. Kf2 Ke5 40. Kf3 1-0

[Event "Sachsen-ch U16"]
[Site "Sebnitz"]
[Date "2007.04.10"]
[Round "1"]
[White "Meissner, Felix"]
[Black "Lieber, Paul"]
[Result "1-0"]
[WhiteElo "1767"]
[BlackElo "1461"]
[PlyCount "47"]
[EventDate "2007.04.10"]
[EventType "swiss"]
[EventRounds "7"]
[EventCountry "GER"]
[SourceTitle "EXT 2008"]
[Source "ChessBase"]
[SourceDate "2007.11.25"]
[SourceVersion "1"]
[SourceVersionDate "2007.11.25"]
[SourceQuality "1"]

1. e4 e5 2. Nf3 Nc6 3. d4 exd4 4. Bc4 Bc5 5. c3 Nf6 6. e5 Ne4 7. 0-0 d5 8. exd6 Nxd6 9. Re1+ Ne7 10. Bb3 Bg4 11. cxd4 Bxf3 12. Qxf3 Bxd4 13. Nc3 0-0 14. Bg5 Ndf5 15. Nd5 Bc5 16. Rad1 Nd4 17. Rxd4 Bxd4 18. Nxe7+ Kh8 19. Qg4 Qd6 20. Rd1 c5 21. Bc2 Rae8 22. Rxd4 Qxd4 23. Qf5 g6 24. Qf6+ 1-0